000 00528nam a2200169Ii 4500
003 JO-AjNU
008 230606s9999||||xx |||||||||||||| ||und||
040 _aJO-AjNU
_beng
_erda
_cJO-AjNU
041 _aeng
050 1 4 _aPE1408.2015
100 3 _aAL Eiadeh, Abdel Rahman Ahmed Qasem,
_eauthor
_93715
245 0 0 _aImproving English Language Speaking Skills of Ajloun National University Students
300 _a33p
336 _atext
_btxt
_2rdacontent
337 _aunmediated
_bn
_2rdamedia
338 _avolume
_bnc
_2rdacarrier
999 _aE1939
_c1939
_d1939